| 000 | 00583nam a2200217Ia 4500 | ||
|---|---|---|---|
| 999 |
_c1869 _d1869 |
||
| 007 | ta | ||
| 008 | 190805t2011 xxkab||g||||||||| ||und|| | ||
| 020 |
_a9781856093781 _c£ 143.75 |
||
| 040 |
_aKO _beng |
||
| 041 | 0 | _aeng | |
| 044 | _axxk | ||
| 082 | 0 | 4 |
_a623.8922 _bP265 _223 |
| 245 | 1 | 0 |
_aPassage Planning Guide : _bMalacca and Singapore Straits / |
| 250 | _a3rd ed. | ||
| 260 |
_aScotland : _bWitherby Seamanship International Ltd, _c2011. |
||
| 300 |
_avi, 146 p. : _bcol. ill., maps ; _c30 cm. |
||
| 650 | 0 | _aPilot guides | |
| 904 | _aA_BOSE | ||
| 942 | _cBK | ||